| 000 | 01081nam a2200241 i 4500 | ||
|---|---|---|---|
| 001 | 53382 | ||
| 003 | ES-MaACL | ||
| 005 | 20231226181042.0 | ||
| 008 | 221201s1856 sp 000 s spa | ||
| 080 | _a061.22(460.27 M.) | ||
| 110 | 2 |
_aAcademia Matritense de Jurisprudencia y Legislación. _91204 |
|
| 245 | 1 | 0 | _aActa de la sesión inaugural de la Academia Matritense de Jurisprudencia y Legislación, celebrada el día 7 de noviembre de 1856. |
| 260 |
_aMadrid : _b[s.n.], _c1856 ( _fImp., fund. y lib. de Eusebio Aguado) |
||
| 300 |
_a40 p. ; _c24 cm. |
||
| 490 | 1 | _aActas de la Academia Matritense de Jurisprudencia y Legislación | |
| 530 | _aDisponible en formato digital. | ||
| 594 | _aEn p. 3: Presidencia del Excmo. Sr. D. Claudio Moyano, ministro de Fomento | ||
| 700 | 1 |
_aMoyano, Claudio, _d1809-1890 _9150798 |
|
| 830 | 0 |
_aActas de la Academia Matritense de Jurisprudencia y Legislación. _9150797 |
|
| 852 | 4 |
_aES-MaACL _jT-44-F-7 |
|
| 856 | 4 |
_uhttps://patrimoniodigital.ucm.es/s/patrimonio/item/599160 _zPatrimonio Digital Complutense |
|
| 999 |
_c53382 _d53382 |
||